000 00429nam a2200193Ia 4500
005 20240823034920.0
008 240823s9999||||xx |||||||||||||| ||und||
020 _a978-0330-29227-6
041 _aENGLISH
082 _A823 M5
100 _aWillbur Smith
245 4 _aThe Burning Shore
250 _a1st
260 _c1988
_b"Pan Books,L"
500 _aYES
650 _aNovel
_bEnglish
942 _cBK
999 _c199433
_d199433